Catalog

Record Details

Catalog Search



Theological ethics  Cover Image Book Book

Theological ethics / Edward Dowler

Dowler, Edward (Author).

Record details

  • ISBN: 9780334041993 (pbk.) :
  • ISBN: 0334041996 (pbk.) :
  • Physical Description: ix, 196 p. : ill. ; 24 cm
  • Publisher: London : SCM, 2011

Content descriptions

Bibliography, etc. Note:
Includes bibliographical references and index

Available copies

  • 1 of 1 copy available at Common Catalog SPOK.

Holds

  • 0 current holds with 1 total copy.
Show Only Available Copies
Location Call Number / Copy Notes Barcode Shelving Location Status Due Date
Jabok Library ET-6/D 424480037590 Odborná literatura Available -

LDR 00899nam a2200301 a 4500
00123601
003CZ-PrJAB
00520160308123355.0
008120309s2011 enka b 001 0 eng d
020 . ‡a9780334041993 (pbk.) : ‡c£25.00
020 . ‡a0334041996 (pbk.) : ‡c£25.00
035 . ‡a(UkOxU)017820404
035 . ‡a(Uk)015880916
035 . ‡a(OCoLC)719429124
040 . ‡aStDuBDS ‡beng ‡cStDuBDS ‡dUk ‡dUkOxU ‡dABG312
042 . ‡aukblcatcopy
072 7. ‡a27-4 ‡xPraktická teologie. Morální teologie ‡2Konspekt ‡95
1001 . ‡aDowler, Edward ‡4aut
24510. ‡aTheological ethics / ‡cEdward Dowler
260 . ‡aLondon : ‡bSCM, ‡c2011
300 . ‡aix, 196 p. : ‡bill. ; ‡c24 cm
4901 . ‡aSCM core text
504 . ‡aIncludes bibliographical references and index
653 0. ‡akřestanská etika ‡ateologická etika
830 0. ‡aSCM core text (SCM)
910 . ‡aABG312
901 . ‡a23601 ‡b ‡c23601 ‡tbiblio

Additional Resources